00513nam a2200121Ia 4500008004100000041001200041082001200053100007500065245012900140260006600269300001000335536004600345211220s9999 xx 000 0 eng d aEnglish aRP.0337 aPanda, Sushanta KumaruSri Sai College of EducationvPathankot, Punjab 0aEvaluative study of facilitating the learning of senior secondary students through edusat in Punjab / cSushanta Kumar Panda aNew Delhi :bIndian Council oF Social Science Research,c2017 a137p. aIndian Council of Social Science Research